Lesquelles de ces villes françaises ... - Statistiques

Statistiques générales
  • Ce quiz a été pris 194 fois
    177 depuis la dernière actualisation
  • Le résultat moyen est 38 sur 51
Statistiques - réponses
Question Tuile Select % Correct
Lesquelles de ces villes ont plus de 100 000 habitants ? Lyon Oui
100%
Lesquelles de ces villes bordent la Méditerranée ? Nice Oui
96%
Lesquelles de ces villes bordent la Méditerranée ? Avignon Non
95%
Lesquelles de ces villes bordent la Méditerranée ? Marseille Oui
95%
Lesquelles de ces villes ont plus de 100 000 habitants ? Antibes Non
94%
Lesquelles de ces villes sont en Nouvelle Aquitaine ? Nogent sur Marne Non
94%
Lesquelles de ces villes sont en Nouvelle Aquitaine ? Nantes Non
93%
Lesquelles de ces villes bordent la Méditerranée ? Toulon Oui
93%
Lesquelles de ces villes bordent la Méditerranée ? Toulouse Non
93%
Lesquelles de ces villes sont en Nouvelle Aquitaine ? Bordeaux Oui
92%
Lesquelles de ces villes sont en Nouvelle Aquitaine ? Brech Non
92%
Lesquelles de ces villes sont en Moselle ? Bayon Non
91%
Lesquelles de ces villes sont en Moselle ? Strasbourg Non
90%
Lesquelles de ces villes sont des préfectures ? Marseille Oui
89%
Lesquelles de ces villes sont des préfectures ? Nantes Oui
89%
Lesquelles de ces villes ont plus de 100 000 habitants ? Quimper Non
89%
Lesquelles de ces villes sont en Moselle ? Saverne Non
89%
Lesquelles de ces villes sont en Moselle ? Sélestat Non
87%
Lesquelles de ces villes sont en Moselle ? Metz Oui
86%
Lesquelles de ces villes sont en Nouvelle Aquitaine ? Cognac Oui
81%
Lesquelles de ces villes bordent la Méditerranée ? Fréjus Oui
81%
Lesquelles de ces villes ont plus de 100 000 habitants ? Nouméa Non
81%
Lesquelles de ces villes sont des préfectures ? Tours Oui
81%
Lesquelles de ces villes ont plus de 100 000 habitants ? Avignon Non
79%
Lesquelles de ces villes sont en Nouvelle Aquitaine ? Limoges Oui
79%
Lesquelles de ces villes bordent la Méditerranée ? Aix en Provence Non
78%
Lesquelles de ces villes sont des préfectures ? Meaux Non
78%
Lesquelles de ces villes ont plus de 100 000 habitants ? Dijon Oui
77%
Lesquelles de ces villes sont des préfectures ? Bastia Oui
75%
Lesquelles de ces villes ont plus de 100 000 habitants ? Villeurbanne Oui
75%
Lesquelles de ces villes ont plus de 100 000 habitants ? Roubaix Non
74%
Lesquelles de ces villes sont des préfectures ? Calais Non
73%
Lesquelles de ces villes sont en Nouvelle Aquitaine ? Agen Oui
72%
Lesquelles de ces villes ont plus de 100 000 habitants ? Nancy Oui
72%
Lesquelles de ces villes sont en Nouvelle Aquitaine ? Tarbes Non
69%
Lesquelles de ces villes sont en Moselle ? Nancy Non
67%
Lesquelles de ces villes ont plus de 100 000 habitants ? Aix en Provence Oui
65%
Lesquelles de ces villes sont des préfectures ? Auch Oui
65%
Lesquelles de ces villes sont en Moselle ? Lunéville Non
64%
Lesquelles de ces villes sont des préfectures ? Brest Non
60%
Lesquelles de ces villes sont des préfectures ? Le Havre Non
60%
Lesquelles de ces villes sont en Moselle ? Thionville Oui
60%
Lesquelles de ces villes bordent la Méditerranée ? Narbonne Oui
58%
Lesquelles de ces villes ont plus de 100 000 habitants ? Argenteuil Oui
50%
Lesquelles de ces villes ont plus de 100 000 habitants ? Montreuil Oui
47%
Lesquelles de ces villes sont en Moselle ? Sarreguemines Oui
47%
Lesquelles de ces villes bordent la Méditerranée ? Montpellier Non
45%
Lesquelles de ces villes sont en Moselle ? Woippy Oui
45%
Lesquelles de ces villes sont en Nouvelle Aquitaine ? Villenave d'Ornon Oui
41%
Lesquelles de ces villes sont en Moselle ? Sarrebourg Oui
37%
Lesquelles de ces villes sont en Moselle ? Phalsbourg Oui
24%
Aucun quiz correspondant
Distribution des résultats
% des personnes avec chaque résultat
Percentile par nombre de réponses
Votre historique - résultats
Vous n’avez pas pris ce quiz depuis la dernière actualisation